| 000 | 01795cam a22004694i 4500 | ||
|---|---|---|---|
| 003 | PE-LiUPU | ||
| 005 | 20250731173138.0 | ||
| 008 | 150623s r 000 0 d | ||
| 020 | _a0849908426 | ||
| 035 | _a(Sirsi) i9780849908422 | ||
| 040 |
_aPE-LiUPU _bspa _cPE-LiUPU _erda |
||
| 049 | _aPRUA | ||
| 082 | 0 | 4 |
_a241.3 _bM12 _221 |
| 100 | 1 |
_aMacArthur, John F., _d1939, _eautor. |
|
| 245 | 1 | 4 |
_aThe Vanishing Conscience / _cJohn F. MacArthur. |
| 264 | 1 |
_aDallas : _bWord Publishing, _c1994. |
|
| 300 |
_a280 páginas ; _c24 centímetros |
||
| 336 |
_atext _2rdacontent |
||
| 337 |
_aunmediated _2rdamedia |
||
| 338 |
_avolume _2rdacarrier |
||
| 504 | _aIncluye bibliografía. | ||
| 505 | 0 | _aA sinful society: Whatever happened to sin?. The soul's automatic warning system. How sin silences the conscience. The nature of sin: What do you mean, "totally depraved"?. Sin and its cure. The conquered enemy within. Handling sin: Hacking agag to pieces. Handling temptation. Keeping a pure mind. Holding to the mystery of faith with a clear conscience. | |
| 526 | _aSEG42 | ||
| 526 | _aSEG41 | ||
| 526 | _aSEG40 | ||
| 526 | _aSEG39 | ||
| 526 | _aP94 | ||
| 526 | _aP87 | ||
| 526 | _aP86 | ||
| 526 | _aP85 | ||
| 526 | _aP77 | ||
| 526 | _aP76 | ||
| 526 | _aP35 | ||
| 650 | 0 | 4 |
_aConciencia _xCristianismo. |
| 650 | 0 | 4 | _aPecado. |
| 942 |
_2ddc _cBOOK |
||
| 949 |
_a241.3 M12 _wDEWEY _c1 _i52362 _lCCODEBUL1 _mBUL _p10.00 _r0 _sY _tBOOK _u2015-6-24 _xTEOLOGIA _PP35 _0COMPRA _o.STAFF. Colección General |
||
| 994 |
_aC0 _bPEPRU |
||
| 596 | _a1 | ||
| 999 |
_a241.3 M12 _wDEWEY _c34186 _i52362 _f2021-11-10 _g5 _lCCODEBUL1 _mBUL _p10.00 _r0 _sY _tBOOK _u2015-6-24 _xTEOLOGIA _PP35 _0COMPRA _o.STAFF. Colección General _d34186 |
||
| 980 |
_81 _gALBERTO SANCHEZ Responsable de Automatización |
||